Remington and Klein's Infectious Diseases of the Fetus and Newborn Infant / (Record no. 63468)
[ view plain ]
| 000 -الفاتح | |
|---|---|
| حقل البيانات ثابتة الطول | 00933nam a22002657a 4500 |
| 005 - وقت وتاريخ اخر تعامل مع التسجيلة | |
| رقم الضبط | 20240530110642.0 |
| 008 - عناصر البيانات ثابتة الطول - معلومات عامة | |
| حقل البيانات ثابتة الطول | 170912s2016 us f b 000 0 eng d |
| 020 ## - الرقم الدولى المعيارى للكتب | |
| الرقم الدولى المعيارى للكتاب | 9780323241472 |
| 040 ## - مصدر الفهرسة | |
| وكالة الفهرسة الأصلية | EG-CaGPL |
| 082 04 - رقم تصنيف ديوى العشرى | |
| رقم الطبعة | 21 |
| رقم التصنيف | 618.92 |
| رقم المادة | W R |
| 100 1# - المدخل الرئيسى - إسم شخصى | |
| الترقيم | Wilson MD, Christopher B. |
| 245 10 - بيان العنوان | |
| العنوان | Remington and Klein's Infectious Diseases of the Fetus and Newborn Infant / |
| بيان المسئوليه,etc | Christopher B. Wilson , Victor Nizet , Yvonne Maldonado , Jerome O. Klein |
| 250 ## - بيان الطبعة | |
| بيان الطبعة | 8ed |
| 260 ## - PUBLICATION, DISTRIBUTION, ETC. (IMPRINT) | |
| تاريخ النشر أو التوزيع | 2016. |
| 300 ## - الوصف المادى | |
| التعداد | 1253 p. ؛ |
| أبعاد الوعاء | 30 cm. |
| 504 ## - تبصرة ببليوجرافية | |
| تبصرة ببليوجرافية,الخ | Includes bibliographical references. |
| 650 00 - المدخل الاضافى بالموضوع-مصطلح موضوعى | |
| مصطلح موضوعي | Communicable Diseases |
| 650 00 - المدخل الاضافى بالموضوع-مصطلح موضوعى | |
| مصطلح موضوعي | Fetal Diseases |
| 650 00 - المدخل الاضافى بالموضوع-مصطلح موضوعى | |
| مصطلح موضوعي | Infant , Newborn Diseases |
| 700 1# - المدخل الاضافى - اسم شخصى | |
| الإسم الشخصى | Nizet , Victor |
| الدور | Joint Author |
| 700 1# - المدخل الاضافى - اسم شخصى | |
| الإسم الشخصى | Maldonado , Yvonne |
| الدور | Joint Author |
| 700 1# - المدخل الاضافى - اسم شخصى | |
| الإسم الشخصى | O. Klein, Jerome |
| الدور | Joint Author |
| 942 ## - عناصر المدخل الإضافي( كوها) | |
| مصدر التصنيف او مخطط الترفيف | Dewey Decimal Classification |
| Koha [default] item type | كتاب |
| 260 ## - PUBLICATION, DISTRIBUTION, ETC. (IMPRINT) | |
| -- | Philadelphia : |
| -- | Elsevier Saunders ؛ |
| حالة التراجع | حالة الفقد | حالة تلف | ليس للاعارة | المكان المؤقت | الموقع الحالى | موقع الترفيف | تاريخ الاكتساب | اجمالي اﻻعارات | رقم الطلب | الباركود | تاريخ اخر مشاهدة | تاريخ تفعيل السعر | نوع وعاء كوها |
|---|---|---|---|---|---|---|---|---|---|---|---|---|---|
| مكتبة القاهرة الكبرى | مكتبة القاهرة الكبرى | 10/25/2017 | 618.92 W R | 163512 | 10/25/2017 | 10/25/2017 | كتاب |

